Music Quiz

Random Music or Lyrics Quiz

'Brown Eyed Girl' Lyrics Quiz Stats

 Plays Quiz Updated Jun 8, 2016

Score 0/182 Timer 08:00
10 Plays Today
% Correct
brown
97.6%
brown
97.6%
brown
97.6%
brown
97.6%
brown
97.6%
brown
97.6%
eyed
97.3%
eyed
97.3%
eyed
97.3%
eyed
97.3%
eyed
97.3%
eyed
97.3%
girl.
97.2%
girl.
97.2%
girl.
97.2%
girl.
97.2%
girl.
97.2%
girl.
97.2%
you,
94.5%
You
94.5%
you,
94.5%
You
94.5%
you
94.5%
you
94.5%
you
94.5%
you,
94.5%
You
94.5%
you
94.5%
my
93.8%
my
93.8%
my
93.8%
my
93.8%
my
93.8%
my
93.8%
my
93.8%
my
93.8%
my
93.8%
my
93.8%
in/a-
92.3%
we
90.6%
we
90.6%
we
90.6%
the/running
90.4%
a
90.3%
a
90.3%
a
90.3%
the
90.1%
the
90.1%
the
90.1%
the
90.1%
the
90.1%
the
90.1%
the
90.1%
the
90.1%
la la la la la la la la la la
87.4%
la la la la la la la la la la
87.4%
when
87.2%
when
87.2%
when
87.2%
la la la la la la la la la la
87.1%
la
87.1%
% Correct
to
85.4%
to
85.4%
to
85.4%
to
85.4%
Do
85.3%
Do
85.3%
love/and
84.1%
I
83.2%
da
81.9%
da (repeats into fadeout)
81.9%
da
81.6%
da
81.6%
and
79.1%
and
79.1%
and
79.1%
and
79.1%
and
79.1%
And
78.8%
sing:
77.4%
sing:
77.4%
remember
77.2%
remember
77.2%
go
77%
used
76.9%
used
76.9%
in
76.8%
In
76.8%
in
76.8%
grass/hey
74.1%
Sha
74%
Sha
74%
green/hey
73.7%
Sha
73.5%
where
73.5%
te
71.4%
te
71.4%
te
71.1%
te
71.1%
Hey,
70.3%
hey,
70.3%
hey,
70.3%
did
68.2%
with
66.2%
with
66.2%
with
66.2%
with
66.2%
came?
65%
day;
64.5%
making/laughing
63.2%
Down
61.8%
down
61.8%
rains
58.9%
Laughing
58%
laughing.
58%
a-jumping
56.9%
so
55.9%
So
55.9%
morning
55.3%
days
54.8%
a-running
54.1%
misty
53.9%
% Correct
hollow,
52.6%
skipping
51.6%
new
51.5%
playin'
51.1%
radio
50.4%
game.
49.7%
on
49.1%
that
48.3%
that.)
47.7%
just
45.5%
transistor
45.3%
(Just
44.8%
all
44.1%
all
44.1%
stadium
42.7%
have
42.2%
behind
41.7%
behind
41.7%
how
41.5%
like
40.1%
our,
39.3%
hearts
39%
our
38.7%
grown.
36.9%
old
36.6%
now
36.2%
other
35.8%
way,
35.7%
I'm
35.2%
I'm
35.2%
saw
35.2%
slow.
35%
waterfall
34.3%
a-thumpin'
33.7%
Tuesday
33.4%
fog
32.9%
own.
32.4%
there,
31.6%
happened
31.4%
whatever
30.7%
back
30.5%
sunlight,
30%
Going
29.9%
along
29.9%
find
28.1%
hard
25.9%
Standing
25%
'bout
25%
mine,
24.9%
thinking
23.9%
Slipping
22.4%
sliding,
22.4%
Hiding
21.9%
wall.
21%
overcome
19.9%
rainbow's
18.4%
Sometimes
18.3%
Lord.
17.9%
memory
16.9%
Cast
16.1%

You're not logged in!

Compare scores with friends on all Sporcle quizzes.
OR
Log In

Show Comments

Extras

Top Quizzes Today


Score Distribution

Your Account Isn't Verified!

In order to create a playlist on Sporcle, you need to verify the email address you used during registration. Go to your Sporcle Settings to finish the process.

Report this User

Report this user for behavior that violates our Community Guidelines.

Details: